Outlines of European history

Saved in:
Bibliographic Details
Main Author: Grant, A. J. (Arthur James), 1862-1948
Format: Book
Language:English
Published: London : Longmans, Green, and Co, 1921.
Subjects:
Tags: Add Tag
No Tags, Be the first to tag this record!

MARC

LEADER 00000cam a2200000 a 4500
001 1/121052
008 200305s1921####enk| ||| |||| ||eng||
040 |a GR-MyUa  |b gre  |c GR-MyUa  |e AACR2 
041 0 |a eng 
082 7 |a 940   |2 (23) 
100 1 |a Grant, A. J.   |q (Arthur James),   |d 1862-1948. 
245 1 0 |a Outlines of European history /   |c by A.J. Grant. 
260 |a London :   |b Longmans, Green, and Co,   |c 1921. 
300 |a xv, 494 σ. :   |b εικ. ;   |c 19 εκ. 
504 |a Περιλαμβάνει βιβλιογραφικές παραπομπές και ευρετήριο. 
651 0 |a Europe  |x History. 
852 |a INST  |b SYROS  |e 20200305  |h 940.1 GRA  |p 005500015036  |q 005500015036  |t NOLOAN  |y 23 
920 |a Σαρτζετάκης  |b Γιάννης  |y Σύρος  |z 2020-02 
970 |a Κοντού  |b Παρασκευή  |z 05/03/2020